LEADER 00948nam0-2200337---450- 001 990008317530403321 005 20060502103904.0 010 $a84-7679-099-6 035 $a000831753 035 $aFED01000831753 035 $a(Aleph)000831753FED01 035 $a000831753 100 $a20060502d1988----km-y0itay50------ba 101 0 $aspa 102 $aES 105 $ay-------001yy 200 1 $aPiratas de América$fAlexander O. Exquemelin$gEdicíon de Manuel Nogueira 210 $aMadrid$chistoria 16$d1988 215 $a222 p.$d19 cm 225 1 $aCronicas de america$v39 610 0 $aPirati d'America 676 $a364.164 700 1$aExquemelin,$bOliver Alexander$0425399 702 1$aNogueira,$bManuel 801 0$aIT$bUNINA$c20060426$gRICA$2UNIMARC 901 $aBK 912 $a990008317530403321 952 $a364.164 EXQ 1$bBibl.27265$fFLFBC 959 $aFLFBC 996 $aPiratas de América$9744909 997 $aUNINA LEADER 01858oam 2200577I 450 001 9910707390203321 005 20160708125154.0 035 $a(CKB)5470000002463612 035 $a(OCoLC)885120947 035 $a(EXLCZ)995470000002463612 100 $a20140802d1960 ua 0 101 0 $aeng 135 $aurn|||||||||| 181 $ctxt$2rdacontent 181 $ccri$2rdacontent 182 $cc$2rdamedia 183 $acr$2rdacarrier 200 10$aCoal resources of Arkansas, 1954 /$fby Boyd R. Haley 210 1$aWashington, D.C. :$cUnited States Department of the Interior, Geological Survey,$d1960. 210 2$aWashington, D.C. :$cGovernment Printing Office. 215 $a1 online resource (iv, 795-831 pages, 7 pages of plates) $cillustrations, maps 225 1 $aContributions to economic geology 225 1 $aGeological Survey bulletin ;$v1072-P 300 $a"Prepared with the cooperation of the Arkansas Geological and Conservation Commission." 300 $aTitle from title screen (viewed July 23, 2014). 320 $aIncludes bibliographical references. 606 $aCoal$zArkansas 606 $aLignite$zArkansas 606 $aCoal$xGeology$zArkansas 606 $aCoal$2fast 606 $aCoal$xGeology$2fast 606 $aLignite$2fast 607 $aArkansas$2fast 615 0$aCoal 615 0$aLignite 615 0$aCoal$xGeology 615 7$aCoal. 615 7$aCoal$xGeology. 615 7$aLignite. 700 $aHaley$b Boyd Raymond$f1922-$01392388 712 02$aArkansas Geological and Conservation Commission, 712 02$aGeological Survey (U.S.), 801 0$bCOP 801 1$bCOP 801 2$bOCLCO 801 2$bOCLCF 801 2$bGPO 906 $aBOOK 912 $a9910707390203321 996 $aCoal resources of Arkansas, 1954$93502938 997 $aUNINA